| 000 | 00941cab a2200313 4500 | ||
|---|---|---|---|
| 001 | WB3113-07 | ||
| 008 | 090401t1995 xxu||||| |||| 00| 0 eng d | ||
| 035 | _a(Sirsi) u41030 | ||
| 041 | _aeng | ||
| 245 | _aSouthampton city centre development | ||
| 260 | _c1995 | ||
| 350 | _a0 | ||
| 490 |
_aFinancial Times _v27 March 1995, 9 |
||
| 490 |
_aEstates Gazette _v(9512) 25 March 1995, 49(2) |
||
| 520 | _aExamines plans for a £250m retail development in Southampton city centre, competition for out-of-town shopping sites. | ||
| 650 | _aCITY CENTRES | ||
| 650 | _aESPLANADE CENTRE | ||
| 650 | _aIMRY | ||
| 650 | _aOUT-OF-TOWN DEVELOPMENT | ||
| 650 | _aRETAIL DEVELOPMENT | ||
| 650 | _aRETAIL WAREHOUSING | ||
| 650 | _aSHOPPING CENTRES | ||
| 650 | _aSHOPPING MALLS | ||
| 650 | _aSOUTHAMPTON | ||
| 650 | _aWAREHOUSE PARKS | ||
| 690 | _aPROPERTY-COMMERCIAL PROPERTY-RETAIL PROPERTY | ||
| 942 | _n0 | ||
| 948 | _c04/03/1997 | ||
| 999 |
_c26332 _d26332 |
||